La Guerra de la Independencia en el mosaico peninsular (1808-1814) / (Record no. 183328)

MARC details
000 -LEADER
campo de control de longitud fija 00938nam a2200229 i 4500
001 - NÚMERO DE CONTROL
campo de control 183328
003 - IDENTIFICADOR DE NÚMERO DE CONTROL
campo de control ES-MaACL
005 - FECHA Y HORA DE LA ÚLTIMA TRANSACCIÓN
campo de control 20240229062734.0
008 - DATOS DE LONGITUD FIJA--INFORMACIÓN GENERAL
campo de control de longitud fija 140324s2010 sp |||| | spa d
020 ## - NÚMERO INTERNACIONAL ESTÁNDAR DEL LIBRO
Número Internacional Estándar del Libro 978-84-92681-30-3
080 ## - NÚMERO DE LA CLASIFICACIÓN DECIMAL UNIVERSAL
Número de la Clasificación Decimal Universal 94(460)"1808/14"
245 03 - MENCIÓN DEL TÍTULO
Título La Guerra de la Independencia en el mosaico peninsular (1808-1814) /
Mención de responsabilidad, etc. Cristina Borreguero Beltrán (coord.).
260 ## - PUBLICACIÓN, DISTRIBUCIÓN, ETC.
Lugar de publicación, distribución, etc. Burgos :
Nombre del editor, distribuidor, etc. Servicio de Publicaciones e Imagen Institucional, Universidad de Burgos,
Fecha de publicación, distribución, etc. 2010.
300 ## - DESCRIPCIÓN FÍSICA
Extensión 805 p. :
Otras características físicas il., gráf. ;
Dimensiones 24 cm.
504 ## - NOTA DE BIBLIOGRAFÍA, ETC.
Nota de bibliografía, etc. Incluye referencias bibliográficas.
651 #4 - PUNTO DE ACCESO ADICIONAL DE MATERIA--NOMBRE GEOGRÁFICO
Nombre geográfico España-
Subdivisión general Historia-
Subdivisión cronológica 1808-1814, Guerra de la Independencia
9 (RLIN) 8244
700 1# - ENTRADA AGREGADA--NOMBRE PERSONAL
Nombre de persona Borreguero Beltrán, Cristina.
9 (RLIN) 154604
852 ## - LOCALIZACIÓN
Ubicación ES-MaACL
Número de control de estantería A-13064
itemnumber 190267
Sublocalización o colección R.149764
Ubicación en estantería Depósito 1
Signatura antigua Olim: N-6064
Donativo/Legado Donación: Real Academia Española
914 ## - NOMBRE ENTIDAD DE DONANTE
RLIN 6336
Nombre de congreso/reunión o jurisdicción como elemento de entrada Real Academia Española
Unidad subordinada Donante
942 ## - ELEMENTOS DE ENTRADA SECUNDARIOS (KOHA)
Fuente del sistema de clasificación o colocación Clasificación decimal universal
Tipo de ítem Koha Libro impreso
Holdings
Estatus retirado Estado de pérdida Fuente del sistema de clasificación o colocación Estado de daño No para préstamo Biblioteca de origen Biblioteca actual Ubicación en estantería Fecha de adquisición Fuente de adquisición Total de préstamos Signatura topográfica completa Código de barras Visto por última vez Precio de reemplazo Tipo de ítem Koha
    Clasificación decimal universal     Biblioteca del Ateneo de Madrid Biblioteca del Ateneo de Madrid Depósito 1 24/03/2014 Donación   A-13064 1192694 23/02/2023 23/02/2023 Libro impreso